01531cam a2200337 i 450000100090000000300090000900500170001800800410003502000420007602000390011803500370015704000690019408200200026310000370028324501210032026400600044130000450050133600260054633700280057233800270060050400510062765000320067865000290071065500170073985600780075685600910083485601060092594200120103199900170104395201330106014369944EG-ScBUE20250714085454.0060509s2006 enka f b 001 0 eng d a9780199299706 (pbk. : acidfree paper) a0199299706 (pbk. : acidfree paper) a(OCoLC)69020915z(OCoLC)68260844 aDLCbengerdacDLCdBAKERdBWKUKdUKMdYDXCPdYUSdDLCdEG-ScBUE04a541.34222bNAI1 aBen-Naim, Arieh,d1934-eauthor.10aMolecular theory of solutions /cArieh Ben-Naim, Department of Physical Chemistry, The Hebrew University, Jerusalem. aOxford ; aNew York : bOxford University Press,c2006. axvi, 380 pages :billustrations ;c25 cm 2rdacontentatextbtxt aunmediated2rdamediabn avolumebnc2rdacarrier aIncludes bibliographical references and index. 7aSolution (Chemistry)2BUEsh 7aMolecular theory.2BUEsh vReading book413Table of contentsuhttp://www.loc.gov/catdir/toc/ecip0613/2006015317.html423Publisher descriptionuhttp://www.loc.gov/catdir/enhancements/fy0723/2006015317-d.html423Contributor biographical informationuhttp://www.loc.gov/catdir/enhancements/fy0723/2006015317-b.html 2ddccBB c10512d10512 00102ddc40708AlahramaMAINbMAINc1STd2009-01-29ePurchaseg386.10h6458l0o541.34 NAIp000014395r2025-07-15 00:00:00yBB